01316nab a2200217 i 4500001000400000003000400004005001700008008003900025040000800064041001300072080001500085100012200100245025700222260001000479500002100489520039800510650002500908650002400933650002600957773011500983BPPBPK20160121111147.0160121s2009 pl | | |000 ||pol cBPK apolbeng a330.567.28 aSTRZELECKA, Agnieszka.d2006 - .bPolitechnika Koszalińska - Instytut Ekonomii i Zarządzania,cZakład Finansów aAnaliza dochodów i wydatków gospodarstw domowych osób pracujących na własny rachunek w Polsce w latach 2002-2007 = bThe analysis of incomes and expenditures of the self-employed households in Poland in years 2002-2007 /cAgnieszka Strzelecka. c2009. aDane z autopsji. aAutorka artykułu dokonuje analizy dochodów oraz wydatków gospodarstw domowych osób pracujących na własny rachunek w Polsce w latach 2002-2007. Analizie poddano przeciętny miesięczny dochód rozporządzalny na 1 mieszkańca oraz wysokość i strukturę przeciętnych miesięcznych wydatków na 1 mieszkańca gospodarstwa domowego omawianej grupy społeczno-ekonomicznej. 0aGospodarstwo domowe. aBudżety rodzinne. aDochody indywidualne. iW :tZeszyty Naukowe Instytutu Ekonomii i Zarządzania Politechniki Koszalińskiej. -g2009, nr 13, s. 27-38